Villa El Salvador: Poder y comunidad /

Guardat en:
Dades bibliogràfiques
Autor principal: Coronado, Jaime
Altres autors: Pajuelo, Ramón
Format: Text
Publicat: Lima: CECOSAM. CEIS
Etiquetes: Afegir etiqueta
Sense etiquetes, Sigues el primer a etiquetar aquest registre!

MARC

LEADER 00000 a a2200000 04500
001 24482
003
040
090 |a 167500  
100 |a Coronado, Jaime  
245 |a Villa El Salvador: Poder y comunidad /  |c Jaime Coronado 
260 |a Lima:   |b CECOSAM. CEIS  
300 |a 177 p  
700 |a Pajuelo, Ramón  
999 |c 15253  |d 15253